000 00662nam a22002057a 4500
005 20251108173449.0
008 250721s2007 xx 000 0 ara d
020 _a9957242717
082 1 4 _a910.72/دلي
100 1 _aالدليمي، خلف حسين علي
245 1 0 _aالإتجاهات الحديثة في البحث العلمي الجغرافي /
264 1 _aعمان :
_bدار صفاء للنشر و التوزيع،
_c2007.
300 _a298 ص
650 1 7 _aالأبحاث الجغرافية
650 1 7 _aالبحث التطبيقي
650 1 7 _aالأبحاث
650 1 7 _aطرق البحث
942 _2ddc
_cBK
999 _c104489
_d104489